Topografía y sus aplicaciones / (Registro nro. 524)
[ vista simple ]
| 000 -LEADER | |
|---|---|
| fixed length control field | 01556nam a2200301Ia 4500 |
| 003 - CONTROL NUMBER IDENTIFIER | |
| control field | PE SENCICO BE |
| 005 - DATE AND TIME OF LATEST TRANSACTION | |
| control field | 20251124154438.0 |
| 008 - FIXED-LENGTH DATA ELEMENTS--GENERAL INFORMATION | |
| fixed length control field | 200515s9999 xx 000 0 und d |
| 020 ## - INTERNATIONAL STANDARD BOOK NUMBER | |
| International Standard Book Number | 970-24-0915-2 |
| 040 ## - CATALOGING SOURCE | |
| Original cataloging agency | PE SENCICO BE |
| Transcribing agency | PE SENCICO BE |
| 041 ## - LANGUAGE CODE | |
| Language code of text/sound track or separate title | spa |
| 082 ## - DEWEY DECIMAL CLASSIFICATION NUMBER | |
| Classification number | 526.9 |
| Item number | A35T |
| 100 1# - MAIN ENTRY--PERSONAL NAME | |
| Personal name | Alcántara García, Dante |
| 9 (RLIN) | 3231 |
| Relator term | autor |
| 245 10 - TITLE STATEMENT | |
| Title | Topografía y sus aplicaciones / |
| Statement of responsibility, etc. | Dante Alcántara García |
| 250 ## - EDITION STATEMENT | |
| Edition statement | 1a ed. |
| 260 ## - PUBLICATION, DISTRIBUTION, ETC. | |
| Place of publication, distribution, etc. | México, D.F. : |
| Name of publisher, distributor, etc. | Grupo editorial Patria ; |
| Date of publication, distribution, etc. | 2007 |
| 300 ## - PHYSICAL DESCRIPTION | |
| Extent | 386 páginas : |
| Other physical details | ilustraciones, tablas, gráficos ; |
| Dimensions | 26 cm. |
| 504 ## - BIBLIOGRAPHY, ETC. NOTE | |
| Bibliography, etc. note | Bibliografía: p. 373-375 |
| 505 0# - FORMATTED CONTENTS NOTE | |
| Formatted contents note | Planimetría -- Altimetría -- Planimetría y altimetría simultáneas, determinación de valores -- Nociones sobre el proyecto geométrico de caminos -- Agrodesia -- Orientación astronómica -- Fundamentos de la triangulación y trilateración topográficas -- Nociones de topografía subterránea -- Bree estudio de la fotografía aérea -- Levantamientos en lagos, ríos y costas -- Sistema de Posicionamiento Global (GPS) |
| 520 3# - SUMMARY, ETC. | |
| Summary, etc. | Presenta una visión del mundo actual y una panorámica clara de lo que se requiere en el futuro en esta área dentro de una formación general en la que el dominio de la topografía y la geografía son fundamentales. |
| 650 10 - SUBJECT ADDED ENTRY--TOPICAL TERM | |
| Topical term or geographic name entry element | Topografía |
| 9 (RLIN) | 4 |
| 650 20 - SUBJECT ADDED ENTRY--TOPICAL TERM | |
| Topical term or geographic name entry element | Planimetría |
| 9 (RLIN) | 1232 |
| 650 20 - SUBJECT ADDED ENTRY--TOPICAL TERM | |
| Topical term or geographic name entry element | Fotografía aérea en geología |
| 9 (RLIN) | 3268 |
| 650 20 - SUBJECT ADDED ENTRY--TOPICAL TERM | |
| Topical term or geographic name entry element | Agrodesia |
| 9 (RLIN) | 3232 |
| 650 20 - SUBJECT ADDED ENTRY--TOPICAL TERM | |
| Topical term or geographic name entry element | GPS |
| 9 (RLIN) | 911 |
| 650 20 - SUBJECT ADDED ENTRY--TOPICAL TERM | |
| Topical term or geographic name entry element | Sistema de Posicionamiento Global |
| 9 (RLIN) | 3280 |
| 942 ## - ADDED ENTRY ELEMENTS (KOHA) | |
| Koha item type | Libros |
| Source of classification or shelving scheme | Dewey Decimal Classification |
| Fecha de la última vez que lo usaron | Número de ingreso o de inventario | Pago total | Signatura topográfica completa | Código de barras | Precio efectivo desde | Tipo de documento | Estado perdido | Sistema de clasificación | Estado dañado | No es para préstamo | Retirado | Ubicación permanente | Ubicación actual | Fecha de adquisición |
|---|---|---|---|---|---|---|---|---|---|---|---|---|---|---|
| 15/05/2020 | 14512 | 526.9/A35T | BibLima25100021 | 15/05/2020 | Libros | Dewey Decimal Classification | Biblioteca Central Lima | Biblioteca Central Lima | 15/05/2020 |